El arte de contar: una iniciación (Record no. 42556)

MARC details
000 -LEADER
campo de control de longitud fija 00826nam a2200265 i 4500
001 - NÚMERO DE CONTROL
campo de control 42556
003 - IDENTIFICADOR DE NÚMERO DE CONTROL
campo de control ES-MaACL
005 - FECHA Y HORA DE LA ÚLTIMA TRANSACCIÓN
campo de control 20250731070339.0
007 - CAMPO FIJO DE DESCRIPCIÓN FÍSICA--INFORMACIÓN GENERAL
campo de control de longitud fija t|
008 - DATOS DE LONGITUD FIJA--INFORMACIÓN GENERAL
campo de control de longitud fija 030407s2002 sp ||||1| spa d
020 ## - NÚMERO INTERNACIONAL ESTÁNDAR DEL LIBRO
Número Internacional Estándar del Libro 84-8371-294-6
080 ## - NÚMERO DE LA CLASIFICACIÓN DECIMAL UNIVERSAL
Número de la Clasificación Decimal Universal 81'42
080 ## - NÚMERO DE LA CLASIFICACIÓN DECIMAL UNIVERSAL
Número de la Clasificación Decimal Universal 81'22
100 1# - ENTRADA PRINCIPAL--NOMBRE DE PERSONA
Nombre de persona Metzeltin, Michael.
9 (RLIN) 80747
245 13 - MENCIÓN DEL TÍTULO
Título El arte de contar: una iniciación
Resto del título : un ensayo metodológico y antropológico acerca de la textualidad /
Mención de responsabilidad, etc. Miguel Metzeltin, Margit Thir.
250 ## - MENCION DE EDICION
Mención de edición 1ª ed.
260 ## - PUBLICACIÓN, DISTRIBUCIÓN, ETC.
Lugar de publicación, distribución, etc. [Murcia] :
Nombre del editor, distribuidor, etc. Universidad de Murcia,
Fecha de publicación, distribución, etc. 2002.
300 ## - DESCRIPCIÓN FÍSICA
Extensión 233 p. ;
Dimensiones 24 cm.
504 ## - NOTA DE BIBLIOGRAFÍA, ETC.
Nota de bibliografía, etc. Bibliografía: p. 211-233.
650 17 - PUNTO DE ACCESO ADICIONAL DE MATERIA--TÉRMINO DE MATERIA
Término de materia o nombre geográfico como elemento de entrada Análisis del discurso
Fuente del encabezamiento o término embne
9 (RLIN) 9764
650 #4 - PUNTO DE ACCESO ADICIONAL DE MATERIA--TÉRMINO DE MATERIA
Término de materia o nombre geográfico como elemento de entrada Semiótica.
9 (RLIN) 17041
700 1# - ENTRADA AGREGADA--NOMBRE PERSONAL
Nombre de persona Thir, Margit.
9 (RLIN) 109972
852 ## - LOCALIZACIÓN
Ubicación ES-MaACL
Número de control de estantería L-26159
Sublocalización o colección R.131732
Holdings
Estatus retirado Estado de pérdida Estado de daño No para préstamo Biblioteca de origen Biblioteca actual Ubicación en estantería Fecha de adquisición Fuente de adquisición Total de préstamos Signatura topográfica completa Código de barras Visto por última vez Precio de reemplazo Tipo de ítem Koha
        Biblioteca del Ateneo de Madrid Biblioteca del Ateneo de Madrid Depósito 2 17/01/2008     L-26159 1044798 23/02/2023 23/02/2023 Libro impreso